000 00466nam a22001937a 4500
005 20250124060950.0
008 250124b |||||||| |||| 00| 0 eng d
020 _a817439012x
082 _222
_a920
_bGAI
100 _aRolka, Meyer Gail
245 _a100 Women
_bWho Shaped World History
260 _aNew Delhi
_bGemini Books
_c1997
300 _a112 p .,
650 _aHistory
650 _aWomen
650 _aSociety
650 _aChronological
942 _cL
999 _c5959
_d5959